| 000 | 00821nam a22002297a 4500 | ||
|---|---|---|---|
| 005 | 20170705104012.0 | ||
| 010 | _aBAC-EN21 | ||
| 020 |
_a9788126515547 _c700.00 |
||
| 020 |
_a9788126515547 _c779.00 (AV) |
||
| 035 | _aB-589742-761 | ||
| 035 | _aB-668081 | ||
| 037 |
_adpl _bTechniz |
||
| 082 | _a546 | ||
| 100 | _aLee, J.D. | ||
| 245 |
_aConcise Inorganic Chemistry/ _cby J.D.Lee |
||
| 260 |
_aNew Delhi _bWiley _c2014 |
||
| 270 |
_a4435/7, Ansari Road, Darya Ganj _bNew Delhi _e110002 |
||
| 300 |
_a1032p. _c23cm(pbk) |
||
| 942 |
_2ddc _cEN _h546 _mLEE |
||
| 999 |
_c89727 _d89727 |
||